[Event "SUI-chT"]
[Site "Switzerland"]
[Date "2011.03.20"]
[Round "2.8"]
[White "Fabre, Mathias"]
[Black "Maier, Christian"]
[Result "0-1"]
[WhiteElo "2131"]
[BlackElo "2380"]
[PlyCount "50"]
[EventDate "2011.02.27"]
[EventType "team-tourn"]
[EventRounds "9"]
[EventCountry "SUI"]
[SourceTitle "CBM 141 Extra"]
[Source "ChessBase"]
[SourceDate "2011.05.03"]
[SourceVersion "1"]
[SourceVersionDate "2011.05.03"]
[SourceQuality "1"]
[WhiteTeam "Geneve"]
[BlackTeam "Reichenstein"]
[WhiteTeamCountry "SUI"]
[BlackTeamCountry "SUI"]

1. d4 Nf6 2. c4 e6 3. Nc3 Bb4 4. Qc2 d5 5. cxd5 exd5 6. Bg5 h6 7. Bh4 Nc6 8. e3 0-0 9. a3 Bxc3+ 10. bxc3 Re8 11. Bd3 Na5 12. Nf3 b6 13. Ne5 Qd6 14. 0-0 c5 15. Qa4 Bb7 16. Bg3 Qe7 17. dxc5 Qxc5 18. c4 dxc4 19. Rfc1 Rxe5 20. Bxe5 Qxe5 21. Bxc4 Qe4 22. f3 Qxe3+ 23. Kh1 Rc8 24. Rc2 Rc5 25. Be2 Bc6 0-1

[Event "Geneve op 27th"]
[Site "Geneve"]
[Date "2010.12.30"]
[Round "7"]
[White "Murati, Shkelzen"]
[Black "Fabre, Mathias"]
[Result "1-0"]
[WhiteElo "2003"]
[BlackElo "2093"]
[PlyCount "61"]
[EventDate "2010.12.26"]
[EventType "swiss"]
[EventRounds "7"]
[EventCountry "SUI"]
[SourceTitle "CBM 140 Extra"]
[Source "ChessBase"]
[SourceDate "2011.03.01"]
[SourceVersion "1"]
[SourceVersionDate "2011.03.01"]
[SourceQuality "1"]

1. d4 Nf6 2. f4 d5 3. Nf3 Nbd7 4. e3 c5 5. c3 Ne4 6. Bd3 Ndf6 7. Ne5 a6 8. 0-0 e6 9. Nd2 Nxd2 10. Qxd2 Bd6 11. b3 0-0 12. a4 b6 13. Rf3 Bb7 14. Rh3 Ne4 15. Qe2 g6 16. Bb2 Qe7 17. Bxe4 dxe4 18. Ng4 f6 19. dxc5 Bxc5 20. Qf2 e5 21. c4 h5 22. Qh4 hxg4 23. Qh8+ Kf7 24. Rh7+ Ke6 25. Rxe7+ Kxe7 26. Qg7+ Rf7 27. Qxg6 Bxe3+ 28. Kf1 exf4 29. Rd1 Rff8 30. Qxg4 Bc6 31. Ba3+ 1-0

[Event "SUI-chT"]
[Site "Switzerland"]
[Date "2010.11.06"]
[Round "8.6"]
[White "Fabre, Mathias"]
[Black "Roelli, Raphael"]
[Result "1-0"]
[WhiteElo "2133"]
[BlackElo "2098"]
[PlyCount "85"]
[EventDate "2010.02.14"]
[EventType "team-tourn"]
[EventRounds "9"]
[EventCountry "SUI"]
[SourceTitle "EXT 2011"]
[Source "ChessBase"]
[SourceDate "2010.11.26"]
[SourceVersion "1"]
[SourceVersionDate "2010.11.26"]
[SourceQuality "1"]
[WhiteTeam "Geneve"]
[BlackTeam "Tribschen"]
[WhiteTeamCountry "SUI"]
[BlackTeamCountry "SUI"]

1. d4 Nf6 2. c4 d6 3. Nc3 Nbd7 4. e4 e5 5. d5 Be7 6. Be3 0-0 7. f3 Nh5 8. Qd2 Nf4 9. Nge2 Nxe2 10. Bxe2 f5 11. exf5 Rxf5 12. Bd3 Rf8 13. 0-0 Nf6 14. Rac1 Nh5 15. Ne2 Rf7 16. c5 dxc5 17. Bxc5 Bxc5+ 18. Rxc5 Nf4 19. Nxf4 exf4 20. Qc2 g6 21. Rc1 Qf6 22. Qc3 Qxc3 23. R5xc3 Bf5 24. Bc4 Kg7 25. Bb3 Rc8 26. d6 Rd7 27. Rxc7 Rdxc7 28. dxc7 Rf8 29. Bd5 Bc8 30. Re1 Kf6 31. Re4 g5 32. Kf2 a6 33. Ke2 Bf5 34. Rc4 b5 35. Rc3 Ke5 36. Be4 Bc8 37. Kd3 Rf7 38. Rc5+ Kf6 39. Kd4 Rd7+ 40. Bd5 Rd6 41. Rc6 Ke7 42. Kc5 Rd7 43. Be6 1-0

[Event "Geneve YM-Masters"]
[Site "Geneve"]
[Date "2010.08.14"]
[Round "7"]
[White "Peric, Slavisa"]
[Black "Fabre, Mathias"]
[Result "1/2-1/2"]
[WhiteElo "2215"]
[BlackElo "2097"]
[PlyCount "114"]
[EventDate "2010.08.07"]
[EventType "schev"]
[EventRounds "10"]
[EventCountry "SUI"]
[SourceTitle "CBM 138 Extra"]
[Source "ChessBase"]
[SourceDate "2010.10.29"]
[SourceVersion "1"]
[SourceVersionDate "2010.10.29"]
[SourceQuality "1"]

1. d4 Nf6 2. Nf3 g6 3. Nc3 d5 4. Bf4 c6 5. Qd2 Bg7 6. Bh6 0-0 7. Bxg7 Kxg7 8. e3 Nbd7 9. 0-0-0 b5 10. Bd3 a5 11. Ne5 Nxe5 12. dxe5 Nd7 13. f4 Nc5 14. Ne2 b4 15. Nd4 Qb6 16. f5 Nxd3+ 17. Qxd3 c5 18. Qb5 Qc7 19. Qc6 Qxc6 20. Nxc6 Re8 21. Nxe7 gxf5 22. Nxd5 Rxe5 23. Nb6 Rb8 24. Nc4 Re4 25. b3 Be6 26. Nxa5 Rxe3 27. Rhe1 Rc3 28. Kb2 Rb6 29. Rd3 Rxd3 30. cxd3 Kf6 31. Rc1 Rb5 32. Nc4 Rb8 33. g3 Rd8 34. Na5 Rxd3 35. Rxc5 Rd5 36. Rxd5 Bxd5 37. Nc4 f4 38. gxf4 Be4 39. Ne3 Ke6 40. Nc2 Bxc2 41. Kxc2 Kf5 42. a4 bxa3 43. b4 Kxf4 44. Kb3 Ke4 45. Kxa3 f5 46. b5 Kd5 47. Kb4 f4 48. Kc3 Kc5 49. Kd3 f3 50. Ke3 Kxb5 51. Kxf3 Kc5 52. Kf4 Kd6 53. Kg5 Ke7 54. Kh6 Kf6 55. h4 Kf5 56. h5 Kg4 57. Kxh7 Kxh5 1/2-1/2

[Event "Geneve YM-Masters"]
[Site "Geneve"]
[Date "2010.08.09"]
[Round "3"]
[White "Okhotnik, Vladimir"]
[Black "Fabre, Mathias"]
[Result "1-0"]
[WhiteElo "2467"]
[BlackElo "2097"]
[PlyCount "125"]
[EventDate "2010.08.07"]
[EventType "schev"]
[EventRounds "10"]
[EventCountry "SUI"]
[SourceTitle "CBM 138 Extra"]
[Source "ChessBase"]
[SourceDate "2010.10.29"]
[SourceVersion "1"]
[SourceVersionDate "2010.10.29"]
[SourceQuality "1"]

1. e4 c5 2. Nf3 d6 3. Bb5+ Nd7 4. 0-0 Ngf6 5. Re1 g6 6. c3 Bg7 7. d4 0-0 8. e5 Ne8 9. Bg5 dxe5 10. dxe5 Nc7 11. Bc4 Ne6 12. Bh4 Nxe5 13. Nxe5 Qxd1 14. Rxd1 Bxe5 15. Bxe7 Re8 16. Bxe6 Bxe6 17. Bxc5 Rad8 18. Nd2 a6 19. Nf3 Rxd1+ 20. Rxd1 Bg7 21. a3 h5 22. h3 Rc8 23. Bb6 Bf6 24. Bd4 Kg7 25. Bxf6+ Kxf6 26. Rd6 Rc6 27. Rxc6 bxc6 28. Nd2 Bd5 29. h4 Ke5 30. g3 f6 31. f4+ Kf5 32. Kf2 g5 33. fxg5 fxg5 34. hxg5 Kxg5 35. c4 Be6 36. Nf3+ Kf6 37. b3 c5 38. Ne1 Ke5 39. Ke3 Bg4 40. Nd3+ Kd6 41. b4 cxb4 42. axb4 Be6 43. Kd4 Bf5 44. Nc5 Bc8 45. Ne4+ Ke6 46. Nf2 Kd6 47. Nd1 Bg4 48. Ne3 Bf3 49. Nd5 Be2 50. Nc3 Bf3 51. Ne4+ Kc6 52. Nc5 Kb6 53. Nd7+ Kc7 54. Ne5 Bg2 55. Kc5 Be4 56. Nf7 Bc6 57. Ng5 Bd7 58. Ne4 Bc6 59. Nf6 Bf3 60. Nd5+ Kb7 61. Kd6 Be2 62. c5 Bb5 63. Ne7 1-0

[Event "Geneve YM-Masters"]
[Site "Geneve"]
[Date "2010.08.08"]
[Round "2"]
[White "Fabre, Mathias"]
[Black "Peric, Slavisa"]
[Result "0-1"]
[WhiteElo "2097"]
[BlackElo "2215"]
[PlyCount "164"]
[EventDate "2010.08.07"]
[EventType "schev"]
[EventRounds "10"]
[EventCountry "SUI"]
[SourceTitle "CBM 138 Extra"]
[Source "ChessBase"]
[SourceDate "2010.10.29"]
[SourceVersion "1"]
[SourceVersionDate "2010.10.29"]
[SourceQuality "1"]

1. d4 e6 2. c4 Bb4+ 3. Nc3 c5 4. d5 Nf6 5. f3 e5 6. Qc2 d6 7. Bg5 Nbd7 8. e3 Qa5 9. Bd3 a6 10. Nge2 b5 11. a3 bxc4 12. Bxc4 Nb6 13. Ba2 Bxc3+ 14. Qxc3 Qxc3+ 15. Nxc3 Bf5 16. 0-0 Bd3 17. Rfd1 c4 18. Rac1 Nfd7 19. Rxd3 cxd3 20. Ne4 0-0 21. Nxd6 f6 22. Bh4 Rfd8 23. e4 Na4 24. b4 d2 25. Rd1 Nc3 26. Rxd2 Nxa2 27. Rxa2 Nb6 28. Nf5 Kf8 29. Bf2 Na4 30. Bc5+ Kf7 31. Nd6+ Kg8 32. Rc2 Rd7 33. Nc4 Rc8 34. Nb2 Nxb2 35. Rxb2 Kf7 36. Kf2 Rb7 37. Rd2 a5 38. Ke3 axb4 39. axb4 Ra8 40. Kd3 Ra1 41. Rc2 Ke8 42. Rb2 Kd7 43. h3 Rd1+ 44. Kc2 Ra1 45. Kb3 Rb8 46. Rc2 Raa8 47. Kc4 Ra4 48. Rf2 Ra1 49. f4 exf4 50. Rxf4 Re1 51. g4 Re8 52. Kd4 Rd1+ 53. Kc3 Rh1 54. g5 Rxh3+ 55. Kd4 Rh1 56. gxf6 gxf6 57. b5 Rd1+ 58. Kc4 Rc8 59. Rxf6 Rc1+ 60. Kd4 R8xc5 61. Rf7+ Ke8 62. Rxh7 Rxb5 63. Ke5 Rc4 64. Rh4 Ke7 65. Rh7+ Kf8 66. Rh4 Kf7 67. Rf4+ Ke7 68. Rh4 Rb6 69. Rh7+ Ke8 70. Rh4 Kf7 71. Rh7+ Kg6 72. Rh1 Rb8 73. Rg1+ Kf7 74. Rg4 Re8+ 75. Kf5 Rh8 76. Ke5 Re8+ 77. Kf5 Ke7 78. Rg6 Rh8 79. d6+ Kd7 80. e5 Rh5+ 81. Rg5 Rxg5+ 82. Kxg5 Ke6 0-1

[Event "SUI-chT"]
[Site "Switzerland"]
[Date "2009.09.06"]
[Round "7.7"]
[White "Fabre, Mathias"]
[Black "Raeber, Markus"]
[Result "1/2-1/2"]
[WhiteElo "2111"]
[BlackElo "2290"]
[PlyCount "44"]
[EventDate "2009.02.22"]
[EventType "team-tourn"]
[EventRounds "9"]
[EventCountry "SUI"]
[SourceTitle "EXT 2011"]
[Source "ChessBase"]
[SourceDate "2010.11.26"]
[SourceVersion "1"]
[SourceVersionDate "2010.11.26"]
[SourceQuality "1"]
[WhiteTeam "Geneve"]
[BlackTeam "Luzern"]
[WhiteTeamCountry "SUI"]
[BlackTeamCountry "SUI"]

1. d4 Nf6 2. c4 g6 3. Nc3 Bg7 4. e4 d6 5. f3 0-0 6. Be3 c6 7. Bd3 e5 8. d5 b5 9. cxb5 cxd5 10. exd5 e4 11. Bxe4 Re8 12. Nge2 Nxe4 13. fxe4 Qh4+ 14. Bf2 Qg5 15. 0-0 Nd7 16. Nd4 Ne5 17. Nf3 Qh6 18. Nxe5 Bxe5 19. Bg3 Qe3+ 20. Bf2 Qh6 21. Bg3 Qe3+ 22. Bf2 Qh6 1/2-1/2

[Event "SUI-chT"]
[Site "Switzerland"]
[Date "2009.09.05"]
[Round "6.6"]
[White "Fabre, Mathias"]
[Black "Hochstrasser, Michael"]
[Result "1-0"]
[WhiteElo "2111"]
[BlackElo "2358"]
[PlyCount "57"]
[EventDate "2009.02.22"]
[EventType "team-tourn"]
[EventRounds "9"]
[EventCountry "SUI"]
[SourceTitle "EXT 2011"]
[Source "ChessBase"]
[SourceDate "2010.11.26"]
[SourceVersion "1"]
[SourceVersionDate "2010.11.26"]
[SourceQuality "1"]
[WhiteTeam "Geneve"]
[BlackTeam "Wollishofen"]
[WhiteTeamCountry "SUI"]
[BlackTeamCountry "SUI"]

1. d4 d5 2. c4 c6 3. Nf3 Nf6 4. Nc3 dxc4 5. a4 Bf5 6. e3 e6 7. Bxc4 Bb4 8. 0-0 0-0 9. Qe2 Nbd7 10. e4 Bg6 11. e5 Nd5 12. Ne4 a5 13. Bg5 Qb6 14. Rfd1 h6 15. Bh4 Rfc8 16. Rac1 Bf8 17. Nd6 Bxd6 18. exd6 Bh5 19. h3 Qb4 20. Bg3 N7b6 21. Bd3 Rd8 22. Be5 Bxf3 23. Qxf3 Nc8 24. Qg4 g5 25. Qh5 Nxd6 26. Qxh6 f6 27. Bxf6 Nxf6 28. Qxf6 Nf7 29. Bc4 1-0

[Event "SUI-ch op"]
[Site "Samnaun"]
[Date "2008.07.17"]
[Round "8"]
[White "Rosenthal, Jonathan"]
[Black "Fabre, Mathias"]
[Result "1-0"]
[WhiteElo "2248"]
[BlackElo "2048"]
[PlyCount "49"]
[EventDate "2008.07.08"]
[EventType "tourn"]
[EventRounds "9"]
[EventCountry "SUI"]
[SourceTitle "CBM 125 Extra"]
[Source "ChessBase"]
[SourceDate "2008.09.01"]
[SourceVersion "1"]
[SourceVersionDate "2008.09.01"]
[SourceQuality "1"]

1. d4 g6 2. c4 Nf6 3. Nc3 Bg7 4. e4 d6 5. Be2 0-0 6. Nf3 e5 7. 0-0 Na6 8. Be3 Ng4 9. Bg5 Qe8 10. c5 exd4 11. Nd5 Qxe4 12. Ne7+ Kh8 13. Re1 d3 14. Bxd3 Qb4 15. h3 Ne5 16. Nxe5 dxe5 17. Re4 Qxc5 18. Qf3 Be6 19. Rh4 e4 20. Qg3 h5 21. Bxe4 Be5 22. Bxg6 fxg6 23. Nxg6+ Kg8 24. Nxe5 Rxf2 25. Be3+ 1-0

[Event "Thun op"]
[Site "Thun"]
[Date "2008.05.10"]
[Round "3"]
[White "Rindlisbacher, Lars"]
[Black "Fabre, Mathias"]
[Result "1-0"]
[WhiteElo "1943"]
[BlackElo "2059"]
[PlyCount "97"]
[EventDate "2008.05.09"]
[EventType "swiss"]
[EventRounds "7"]
[EventCountry "SUI"]
[SourceTitle "CBM 124 Extra"]
[Source "ChessBase"]
[SourceDate "2008.07.03"]
[SourceVersion "1"]
[SourceVersionDate "2008.07.03"]
[SourceQuality "1"]

1. e4 c5 2. Nf3 d6 3. d4 cxd4 4. Nxd4 Nf6 5. Nc3 Nc6 6. Be3 e5 7. Nb3 Be7 8. f3 Be6 9. Qd2 0-0 10. 0-0-0 a5 11. Na4 Nd7 12. Kb1 Nb4 13. Qf2 Rc8 14. Rd2 f5 15. c3 Nc6 16. Nb6 Nxb6 17. Bxb6 Qe8 18. Bd3 fxe4 19. Bxe4 a4 20. Nc1 Qf7 21. Rhd1 Kh8 22. Qe2 Ra8 23. Bd5 Qg6+ 24. Ka1 Bxd5 25. Rxd5 Rfc8 26. a3 Ra6 27. Be3 Na5 28. Qb5 Rcc6 29. Qd3 Nc4 30. Qxg6 hxg6 31. Bf2 Bg5 32. Nd3 Be3 33. Bxe3 Nxe3 34. Nb4 Nxd5 35. Rxd5 Kg8 36. Nxa6 bxa6 37. Ra5 Kf7 38. Rxa4 d5 39. Kb1 g5 40. Kc2 Kf6 41. Kd3 Kf5 42. Rb4 g6 43. a4 Rd6 44. a5 e4+ 45. Ke3 exf3 46. Kxf3 Rd7 47. Rb6 d4 48. cxd4 Rxd4 49. g4+ 1-0

[Event "Olympiad U16 11th"]
[Site "Acri"]
[Date "2006.08.11"]
[Round "9"]
[White "Fabre, Mathias"]
[Black "Mustafaev, Jamshid"]
[Result "0-1"]
[WhiteElo "1974"]
[BlackElo "2180"]
[PlyCount "92"]
[EventDate "2006.08.06"]
[EventType "team"]
[EventRounds "10"]
[EventCountry "TUR"]
[SourceTitle "EXT 2007"]
[Source "ChessBase"]
[SourceDate "2006.11.23"]
[SourceVersion "1"]
[SourceVersionDate "2006.11.23"]
[SourceQuality "1"]
[WhiteTeam "Switzerland"]
[BlackTeam "Uzbekistan"]
[WhiteTeamCountry "SUI"]
[BlackTeamCountry "UZB"]

1. d4 Nf6 2. c4 e6 3. Nc3 Bb4 4. Qc2 d5 5. cxd5 exd5 6. Bg5 h6 7. Bh4 c5 8. Nf3 Nc6 9. e3 0-0 10. Be2 cxd4 11. exd4 Bg4 12. Rd1 Bxf3 13. gxf3 Re8 14. 0-0 Rc8 15. Kh1 Re6 16. Rg1 Qd6 17. Bf1 Bxc3 18. Qxc3 Ne7 19. Qd3 Nh5 20. Bg3 Nxg3+ 21. fxg3 Rc7 22. Bh3 Rf6 23. Rc1 Qd8 24. Qe3 Rfc6 25. Rxc6 Nxc6 26. Bf5 Re7 27. Qc3 Qb6 28. Rd1 g6 29. Bc2 Qd8 30. Bb3 Qd6 31. Rd2 Re1+ 32. Kg2 Qe6 33. Qd3 Re3 34. Qf1 Na5 35. Bd1 Re1 36. Qf2 Nc4 37. Re2 Ne3+ 38. Qxe3 Qxe3 39. Rxe3 Rxe3 40. Bb3 Re2+ 41. Kh3 Rxb2 42. Bxd5 Rb4 43. Be4 f5 44. Bd5+ Kg7 45. a3 Rxd4 46. Bxb7 Ra4 0-1

[Event "Olympiad U16 11th"]
[Site "Acri"]
[Date "2006.08.07"]
[Round "3"]
[White "Fabre, Mathias"]
[Black "Saravana, Krishnan P"]
[Result "0-1"]
[WhiteElo "1974"]
[BlackElo "2251"]
[PlyCount "76"]
[EventDate "2006.08.06"]
[EventType "team"]
[EventRounds "10"]
[EventCountry "TUR"]
[SourceTitle "EXT 2007"]
[Source "ChessBase"]
[SourceDate "2006.11.23"]
[SourceVersion "1"]
[SourceVersionDate "2006.11.23"]
[SourceQuality "1"]
[WhiteTeam "Switzerland"]
[BlackTeam "India"]
[WhiteTeamCountry "SUI"]
[BlackTeamCountry "IND"]

1. d4 Nf6 2. c4 Nc6 3. Nc3 e5 4. e3 Bb4 5. Nf3 e4 6. Nd2 d6 7. Qc2 Bf5 8. a3 Bxc3 9. Qxc3 a5 10. b3 Qd7 11. Be2 Ne7 12. 0-0 h5 13. b4 a4 14. Bb2 Rh6 15. f3 d5 16. fxe4 dxe4 17. d5 Bg4 18. Bxg4 hxg4 19. Qe5 Rh5 20. Qg3 Nf5 21. Qf4 Nd6 22. c5 Nxd5 23. Qg3 Nb5 24. Nxe4 f6 25. Nf2 Rg5 26. e4 Ne7 27. Rfd1 Qe6 28. Qd3 c6 29. Rd2 Ng6 30. Rad1 Nf8 31. Qg3 Kf7 32. e5 Re8 33. Ne4 Rf5 34. Nd6+ Nxd6 35. Rxd6 Qc4 36. exf6 gxf6 37. Qh4 Re6 38. Qh8 Rd5 0-1

[Event "SUI-ch int"]
[Site "Saas Almagell"]
[Date "2005.07.08"]
[Round "2"]
[White "Fabre, Mathias"]
[Black "Carron, Julien"]
[Result "0-1"]
[WhiteElo "2033"]
[BlackElo "2299"]
[PlyCount "92"]
[EventDate "2005.07.07"]
[EventType "swiss"]
[EventRounds "9"]
[EventCountry "SUI"]
[SourceTitle "CBM 107 Extra"]
[Source "ChessBase"]
[SourceDate "2005.09.01"]
[SourceVersion "1"]
[SourceVersionDate "2005.09.01"]
[SourceQuality "1"]

1. d4 Nf6 2. c4 e6 3. Nc3 Bb4 4. Qc2 0-0 5. a3 Bxc3+ 6. Qxc3 b6 7. Bg5 Ba6 8. f3 h6 9. Bh4 d5 10. e3 Nbd7 11. Nh3 Rc8 12. Rc1 c5 13. dxc5 Rxc5 14. b4 Rc8 15. Qb3 Bxc4 16. Qb2 Bxf1 17. Rxf1 Rxc1+ 18. Qxc1 Qc8 19. Kf2 Qa6 20. Qb2 Rc8 21. Bxf6 Nxf6 22. Rc1 Rc4 23. Rxc4 Qxc4 24. Nf4 Nd7 25. Ne2 Qh4+ 26. Ng3 Qc4 27. Ne2 b5 28. Nd4 Kf8 29. Ne2 a6 30. Qb1 Ne5 31. Nd4 Nd3+ 32. Ke2 Nxb4+ 33. Kd2 Nc6 34. Nxc6 Qxc6 35. Qb4+ Ke8 36. Qd4 Qd6 37. Qxg7 Qxa3 38. Qg8+ Ke7 39. Qa8 Qa2+ 40. Kd3 Qc4+ 41. Kd2 b4 42. Qb7+ Kf6 43. Qb8 b3 44. f4 Qc2+ 45. Ke1 b2 46. Qd8+ Kg7 0-1